Effect of strain in nickel ferrite thin films

Nickel ferrite epitaxial thin films grown by PLD technique simultaneously in a series of different thickness varying from 3 to 200 nm on the three (001) orientated substrates SrTiO3 (STO), MgO and 0.72Pb(Mg1/3Nb2/3)O3–0.28PbTiO3 (PMN-PT) are studied in this paper. The effects of epitaxial strain on...

Teljes leírás

Elmentve itt :
Bibliográfiai részletek
Szerzők: Rus Florina Stefania
Herklotz Andreas
Testületi szerző: International Symposium on Analytical and Environmental Problems (21.) (2015) (Szeged)
Dokumentumtípus: Könyv része
Megjelent: 2015
Sorozat:Proceedings of the International Symposium on Analytical and Environmental Problems 21
Kulcsszavak:Elektrokémia
Online Access:http://acta.bibl.u-szeged.hu/55982
LEADER 02227naa a2200217 i 4500
001 acta55982
005 20260224081030.0
008 181206s2015 hu o 100 eng d
020 |a 978-963-306-411-5 
040 |a SZTE Egyetemi Kiadványok Repozitórium  |b hun 
041 |a eng 
100 1 |a Rus Florina Stefania 
245 1 0 |a Effect of strain in nickel ferrite thin films  |h [elektronikus dokumentum] /  |c  Rus Florina Stefania 
260 |c 2015 
300 |a 277-281 
490 0 |a Proceedings of the International Symposium on Analytical and Environmental Problems  |v 21 
520 3 |a Nickel ferrite epitaxial thin films grown by PLD technique simultaneously in a series of different thickness varying from 3 to 200 nm on the three (001) orientated substrates SrTiO3 (STO), MgO and 0.72Pb(Mg1/3Nb2/3)O3–0.28PbTiO3 (PMN-PT) are studied in this paper. The effects of epitaxial strain on the lattice structure, microstructure and magnetization of nickel ferrite thin films have been studied on several types of single-crystalline substrates with different lattice mismatch. The XRD difractograms show only (00l) substrate peaks and peaks that can be assigned to the (00l) reflexes of the spinel phase. The films are out-of-plane epitaxial oriented to the substrate. The thinnest films grown on STO and PMN-PT are under a small compressive strain, especially the films on PMN-PT. Here, the strain relaxation is not complete and the strain that is imposed by the substrates is partially maintained. With increasing thickness the strain relaxation of the films proceeds and the strain turns from compressive to tensile. The magnetic properties of a 200 nm nickel ferrite film deposited on STO, MgO and PMN-PT are investigated and correlated with the strain states of the films. The film grown on MgO has the smallest coercive field (980 Oe), whereas the coercive fields of the films grown on STO (2070 Oe) and PMN-PT (2360 Oe) are larger and of about the same magnitude. 
695 |a Elektrokémia 
700 0 1 |a Herklotz Andreas  |e aut 
710 |a International Symposium on Analytical and Environmental Problems (21.) (2015) (Szeged) 
856 4 0 |u http://acta.bibl.u-szeged.hu/55982/1/proceedings_of_isaep_2015_277-281.pdf  |z Dokumentum-elérés